| 000 | 01357cam a22003617a 4500 | ||
|---|---|---|---|
| 003 | CHAP | ||
| 005 | 20220329143047.0 | ||
| 008 | 051122d2004 mx a r 00110 spa d | ||
| 010 | _a91366 | ||
| 011 | _a92338 | ||
| 035 | _a102902 | ||
| 040 | _cCHAP | ||
| 090 | _aTesis | ||
| 100 | 0 | 0 |
_aAndrade Castro, Manuel Alejandro. _95643 |
| 245 | 1 | 0 |
_aAlternativas para disminuir las poblaciones de áfidos y mosquita blanca y la incidencia de virosis del jitomate _c/por Manuel Alejandro Andrade Castro |
| 260 |
_aCocula, Gro. : _bEl autor, _c2005. |
||
| 300 |
_a143 h. : _bilus.; gráfs.; cuadros. |
||
| 502 | _aTesis ( Ing. Agr. Fitotecnista ) -- Colegio Superior Agropecuario del Estado de Guerrero. Centro de Estudios Profesionales | ||
| 590 |
_aALEPH _b10 _c20130110 _lUCH01 _h1507 |
||
| 590 |
_aBATCH-UPD _b10 _c20130110 _lUCH01 _h0736 |
||
| 590 |
_aBATCH-UPD _b10 _c20130410 _lUCH01 _h0418 |
||
| 590 |
_aBATCH-UPD _b10 _c20130914 _lUCH01 _h0327 |
||
| 590 |
_aCONVERSION _b10 _c20130109 _lUCH01 _h1351 |
||
| 650 | 1 | 4 |
_aBacterias fitopatógenas. _99326 |
| 650 | 1 | 4 |
_aHongos fitopatógenos. _956132 |
| 650 | 1 | 4 |
_aTomate _xEnfermedades por virus. _9113715 |
| 650 | 1 | 4 |
_aTomate _xEnfermedades. _9113711 |
| 650 | 1 | 4 |
_aTomate _xPlagas. _9113748 |
| 901 | _aBK | ||
| 905 | _aElisama A. H. | ||
| 942 | _cTESIS | ||
| 949 |
_aTesis _bBC _cTES _d102902 _eTS1 _h43950 _i102902 _sb |
||
| 999 |
_c91366 _d91366 |
||